Diseño de taller de ensamblaje motocicletas Suzuki

Este proyecto se realiza con el fin de dar los primeros pasos para el montaje de la línea de ensamble, en él se consideran todos los pasos y operaciones para realizar el montaje o armado total de motocicletas Suzuki en los modelos AX-100, DR-125, TS-125, TS-185. Incluye distribución de planta, tu...

Full description

Bibliographic Details
Main Authors: Santana Paisano, Martha Patricia, Madriz Martínez, Milton José
Other Authors: Tutor: Argüello Herrera, Luis
Format: Tesis Section = Libro
Language:Undetermined
Spanish
Published: Managua UNI 2001
Subjects:
LEADER 01176nam a2200253Ia 4500
008 240830s9999 xx 000 0 und d
040 |a BIBLIOTECA-RUPAP Mon 658.404 S231 
041 |a spa 
082 |a Mon 658.404 S231 
100 1 |a Santana Paisano, Martha Patricia 
100 1 |b Madriz Martínez, Milton José 
245 1 0 |a Diseño de taller de ensamblaje motocicletas Suzuki 
260 |a Managua  |b UNI  |c 2001 
300 |a 126 p. :il. 
500 |a Contiene: anexos y figuras. 
502 |a Tesis (Ingeniero Mecánico)- UNI, 2001. 
520 3 |a Este proyecto se realiza con el fin de dar los primeros pasos para el montaje de la línea de ensamble, en él se consideran todos los pasos y operaciones para realizar el montaje o armado total de motocicletas Suzuki en los modelos AX-100, DR-125, TS-125, TS-185. Incluye distribución de planta, tubería de aire, diseño del área de pintura y descripción del proceso tecnológico de ensamble. 
650 7 |a ADMINISTRACIÓN DE PROYECTOS 
650 7 |b ENSAMBLAJE-MOTOCICLETAS 
650 7 |c DISTRIBUCIÓN-PLANTA 
700 1 |a Tutor:  |b Argüello Herrera, Luis 
942 |c BK  |2 ddc 
991 |a TESIS 
999 |c 17405